Yearbook of morphology, 1993 /

Recent years have seen a revival of interest in morphology. The Yearbook of Morphology series supports and enforces this upswing of morphological research and gives an overview of the current issues and debates at the heart of this revival. The Yearbook of Morphology 1993 focuses on prosodic morphol...

Full description

Bibliographic Details
Corporate Author: SpringerLink (Online service)
Other Authors: Booij, G. E. (Editor), Marle, Jaap van (Editor)
Format: eBook
Language:English
Published: Dordrecht : Springer Science+Business Media, [1993]
Subjects:
Online Access:Connect to the full text of this electronic book

MARC

Tag First Indicator Second Indicator Subfields
LEADER 00000cam a2200000Ki 4500
001 in00003545773
006 m o d
007 cr cnu---unuuu
008 131202s1993 ne a ob 000 0 eng d
005 20260420214044.3
020 |a 9789401737128  |q (electronic bk.) 
020 |a 9401737126  |q (electronic bk.) 
020 |z 9789048143283 
020 |z 0792324943 
020 |z 9780792324942 
024 7 |a 10.1007/978-94-017-3712-8  |2 doi 
035 |a (OCoLC)864436865 
040 |a GW5XE  |b eng  |e rda  |e pn  |c GW5XE  |d OCLCF  |d OCLCQ  |d UtOrBLW 
049 |a TXAM 
050 4 |a P241  |b .Y43 1993eb 
082 0 4 |a 415  |2 22 
245 0 0 |a Yearbook of morphology, 1993 /  |c edited by Geert Booij, General Linguistics, Free University, Amsterdam/Holland Institute of Generative Linguistics, Jaap van Marle, P.J. Meertens Institute of the Royal Academy of Sciences. 
264 1 |a Dordrecht :  |b Springer Science+Business Media,  |c [1993] 
264 4 |c ©1993 
300 |a 1 online resource (v, 273 pages) :  |b illustrations 
336 |a text  |b txt  |2 rdacontent 
337 |a computer  |b c  |2 rdamedia 
338 |a online resource  |b cr  |2 rdacarrier 
504 |a Includes bibliographical references. 
588 0 |a Print version record. 
520 |a Recent years have seen a revival of interest in morphology. The Yearbook of Morphology series supports and enforces this upswing of morphological research and gives an overview of the current issues and debates at the heart of this revival. The Yearbook of Morphology 1993 focuses on prosodic morphology, i.e. the interaction between morphological and prosodic structure, on the semantics of word formation, and on a number of related issues in the realm of inflection: the structure of paradigms, the relation between inflection and word formation, and patterns of language change with respect to inflection. There is also discussion of the relevance of the notion `level ordering' for morphological generalizations. All theoretical and historical linguists, morphologists, and phonologists will want to read this volume. 
650 0 |a Grammar, Comparative and general  |x Morphology  |v Periodicals. 
650 7 |a Grammar, Comparative and general  |x Morphology.  |2 fast  |0 (OCoLC)fst00946202 
650 7 |a Morfologia (lingüística)  |2 larpcal 
655 7 |a Electronic books.  |2 local 
655 7 |a Periodicals.  |2 fast  |0 (OCoLC)fst01411641 
700 1 |a Booij, G. E.,  |e editor. 
700 1 |a Marle, Jaap van,  |e editor. 
710 2 |a SpringerLink (Online service) 
776 1 8 |i Print version:  |t Yearbook of morphology, 1993  |z 0792324943  |w (OCoLC)32667737 
856 4 0 |u http://proxy.library.tamu.edu/login?url=https://link.springer.com/10.1007/978-94-017-3712-8  |z Connect to the full text of this electronic book  |t 0 
994 |a 92  |b TXA 
999 |a MARS 
999 f f |s 4f7f4eb5-e1aa-38cf-b6f6-a92a28f4add3  |i 447619e1-e7cd-3bf0-8e7c-47ba40072a29  |t 0 
952 f f |a Texas A&M University  |b College Station  |c Electronic Resources  |s www_evans  |d Available Online  |t 0  |e P241 .Y43 1993eb  |h Library of Congress classification 
998 f f |a P241 .Y43 1993eb  |t 0  |l Available Online